Statistics for Lizard Families - Eublepharidae

Click here to take the quiz!

General Stats

  • This quiz has been taken 16 times
  • The average score is 7 of 42

Answer Stats

FamilyGenusSpeciesCommon name% Correct
EublepharidaeAeluroscalabotesFelinusCat gecko
78%
MaculariusCommon leopard gecko
44%
HemitheconyxCaudicinctusAfrican fat-tailed gecko
33%
EublepharisAngramainyuIraqi eyelid gecko
33%
MitratusCentral American banded gecko
22%
HainanensisChinese cave gecko
22%
HardwickiiEast Indian leopard gecko
22%
LichtenfelderiLichtenfelder's gecko
22%
ReticulatusReticulate banded gecko
22%
SatpuraensisSatpura leopard gecko
22%
OrientalisSpotted ground gecko
22%
TayloriTaylor's fat-tailed gecko
22%
TurcmenicusTurkmenistan eyelid gecko
22%
VariegatusWestern banded gecko
22%
FuscusWest Indian leopard gecko
22%
HolodactylusAfricanusAfrican clawed gecko
11%
SplendensBanded ground gecko
11%
BawanglingensisBawangling leopard gecko
11%
FasciatusBlack banded gecko
11%
CatbaensisCat Ba leopard gecko
11%
ChengzhengChengzheng cave gecko
11%
LuiiChinese leopard gecko
11%
CorniiEast African clawed gecko
11%
GezhiGezhi cave gecko
11%
GollumGollum leopard gecko
11%
KwangsiensisGuangxi cave gecko
11%
ToyamaiIheyajima leopard gecko
11%
GypsicolusIsla San Marcos barefoot banded gecko
11%
KadoorieorumKadoories' cave gecko
11%
KuroiwaeKuroiwa's ground gecko
11%
KwanghuaKwanghua cave gecko
11%
VariusNanling leopard gecko
11%
SengokuiSengoku's gecko
11%
SwitakiSwitak's banded gecko
11%
ColeonyxBrevisTexas banded gecko
11%
GoniurosaurusAraneusVietnamese leopard gecko
11%
YamashinaeYamashina's ground gecko
11%
YingdeensisYingde leopard gecko
11%
ElegansYucatán banded gecko
11%
ZhelongiZhe-long's leopard gecko
11%
LiboensisLibo leopard gecko
0%
ZhouiZhou's leopard gecko
0%

Score Distribution

Percentile by Number Answered

Percent of People with Each Score

Your Score History

You have not taken this quiz